Believe in Yourself / (Record no. 199294)

MARC details
000 -LEADER
fixed length control field 00720nam a22001937a 4500
005 - DATE AND TIME OF LATEST TRANSACTION
control field 20231220152601.0
010 ## - LCCN (DPL NO)
LC control number B-756004-011
020 ## - INTERNATIONAL STANDARD BOOK NUMBER
International Standard Book Number 9788183225090
Terms of availability 150.00
035 ## - SYSTEM CONTROL NUMBER
System control number B-756004-011
037 ## - SOURCE OF ACQUISITION
Stock number K.K. Publication
082 ## - DEWEY DECIMAL CLASSIFICATION NUMBER
Classification number 158.1
100 ## - MAIN ENTRY--PERSONAL NAME
Personal name Murphy, Joseph
245 ## - TITLE STATEMENT
Title Believe in Yourself /
Statement of responsibility, etc Joseph murphy
260 ## - PUBLICATION, DISTRIBUTION, ETC. (IMPRINT)
Place of publication, distribution, etc Uttar Pradesh
Name of publisher, distributor, etc Manjul Publishing House
Date of publication, distribution, etc 2023
270 ## - ADDRESS
Address C-16, Sector 3 , Noida Uttar Pradesh
City Uttar Pradesh
Postal code 201301
300 ## - PHYSICAL DESCRIPTION
Extent 73P.
Dimensions 17cm(pbk)
942 ## - ADDED ENTRY ELEMENTS (KOHA)
Source of classification or shelving scheme Dewey Decimal Classification
Item type English Books
Call number suffix MUR
Classification part 158.1
Holdings
Withdrawn status Lost status Not for loan Collection code Home library Current library Date acquired Source of acquisition Cost, normal purchase price Full call number Barcode Copy number Cost, replacement price Koha item type
      Non-fiction Ashok Vihar Ashok Vihar 20/12/2023 K.K. Pub/79/25.11.23/39/23.11.23/1.12.23 150.00 MUR 158.1 B-756007 1 150.00 English Books
      Non-fiction Central Library Central Library 20/12/2023 K.K. Pub/79/25.11.23/39/23.11.23/1.12.23 150.00 MUR 158.1 B-756004 1 150.00 English Books
      Non-fiction Janak Puri Janak Puri 20/12/2023 K.K. Pub/79/25.11.23/39/23.11.23/1.12.23 150.00 MUR 158.1 B-756008 1 150.00 English Books
      Non-fiction Mobile Library Mobile Library 20/12/2023 K.K. Pub/79/25.11.23/39/23.11.23/1.12.23 150.00 MUR 158.1 B-756005 2 150.00 English Books
      Non-fiction Mobile Library Mobile Library 20/12/2023 K.K. Pub/79/25.11.23/39/23.11.23/1.12.23 150.00 MUR 158.1 B-756006 2 150.00 English Books
      Non-fiction RC4 Seelam Pur RC4 Seelam Pur 20/12/2023 K.K. Pub/79/25.11.23/39/23.11.23/1.12.23 150.00 MUR 158.1 B-756011 1 150.00 English Books
      Non-fiction Shahdara Branch Shahdara Branch 20/12/2023 K.K. Pub/79/25.11.23/39/23.11.23/1.12.23 150.00 MUR 158.1 B-756009 1 150.00 English Books
      Non-fiction Yojana Vihar Yojana Vihar 20/12/2023 K.K. Pub/79/25.11.23/39/23.11.23/1.12.23 150.00 MUR 158.1 B-756010 1 150.00 English Books

© Delhi Public Library
Hit Counter
free hit counter